LDR 01015naa#a2200181#i#450# 001 RU\\bibl\86382 005 20260429052633.3 011 ## _a2312-7937 100 ## _a20240812b2024####ek#y0rusy0150####ca 102 ## _aRU 200 1# _aМЕСТО И ЗНАЧЕНИЕ КРИМИНАЛИСТИЧЕСКОГО ОРУЖИЕВЕДЕНИЯ В СИСТЕМЕ СОВРЕМЕННОЙ КРИМИНАЛИСТИЧЕСКОЙ НАУКИ _eЖурнальная статья 210 1# _aДомодедово _cВсероссийский институт повышения квалификации сотрудников Министерства внутренних дел Российской Федерации _d2024 215 ## _a5 с. 608 ## _aЖурнальная статья _2local 675 ## _aПраво. Юридические науки. 34 _z 700 #1 _aАБДУРАХМАНОВ _gАЛЕКСАНДР АМАНГЕЛЬДЫЕВИЧ 700 #1 _aАдмиралова _gИрина Александровна 856 4# _avipkmvd.editorum.ru _u